000 00593nam a2200229Ia 4500
003 OSt
005 20221005125540.0
006 a|||||r|||| 00| 0
007 ta
008 221004b |||||||| |||| 00| 0 eng d
024 _a61255
037 _cTextual
040 _aCRL
_cCRL
_beng
041 _2eng
_aeng
082 _aQ1:1:31, 152H7
100 _aHans Raj
_973005
245 0 _aPhysical and scientific interpretation of Aryan mythology. Pt 1.
260 _c1947
650 _aRELIGION
942 _hQ1:1:31, 152H7
_cTEXL
_2cc
999 _c1054338
_d1054338